Direito societário / (Record no. 633)

MARC details
000 -LÍDER
Campo Fixo de Controle 00688nam a2200241 a 4500
001 - NÚMERO DE CONTROLE
Campo de Controle 633
003 - IDENTIFICAÇÃO DO NÚMERO DE CONTROLE
Campo de Controle BR-CuiBMT
005 - DATA E HORA DA ÚLTIMA ATUALIZAÇÃO
Campo de Controle 20231110234648.0
008 - DADOS FIXOS
Dados Fixos 231110s2012 rjb 001 0 por d
020 ## - INTERNATIONAL STANDARD BOOK NUMBER
Nº do ISBN 9788571478244
040 ## - AGÊNCIA CATALOGADORA
Código da Agência Catalogadora BR-CuiBMT
Agência que transcreveu o registro BR-CuiBMT
080 ## - Nº DA CLASSIFICAÇÃO DECIMAL UNIVERSAL
Nº edição CDU 2007
Nº Class. CDU 347.7
090 ## - NÚMERO DE CHAMADA
Nº classificação 347.7
Cutter B726d
Ano/Edição 13. ed.
100 1# - ENTRADA PRINCIPAL -- AUTOR PESSOAL
Nome pessoal Borba, José Edwaldo Tavares,
Datas associadas ao nome 1938-
245 ## - TÍTULO PRINCIPAL
Título principal Direito societário /
Indicação de responsabilidade José Edwaldo Tavares Borba.
250 ## - EDIÇÃO
Edição 13. ed. rev. e atual.
260 ## - PUBLICAÇÃO, DISTRIBUIÇÃO, ETC.
Local de publicação Rio de Janeiro :
Editora Renovar,
Data 2012.
300 ## - DESCRIÇÃO FÍSICA
N. páginas ou volumes 595 p.:
Dimensões 23 cm
504 ## - NOTA DE BIBLIOGRAFIA, ETC.
Nota de bibliografia Inclui bibliografia e índices.
650 ## - ASSUNTO TÓPICO
Cabeçalho tópico ou nome geográfico Direito comercial
650 ## - ASSUNTO TÓPICO
Cabeçalho tópico ou nome geográfico Sociedades comerciais
942 ## - ELEMENTOS DE ENTRADA ADICIONAIS (KOHA)
Fonte de classificação ou esquema de arquivamento Classificação Decimal Universal
Tipo de item do Koha Livros
Holdings
Estado: removido Estado: perdido Fonte de classificação ou esquema de arquivamento Estado: danificado Indisponível para empréstimo Localização permanente Localização atual Data de aquisição Total Checkouts Número de Chamada completo Código de barras Date last seen Número do exemplar Preço efetivo a partir de Tipo de item (Koha)
    Classificação Decimal Universal     Biblioteca da Escola Superior de Contas do TCE/MT Biblioteca da Escola Superior de Contas do TCE/MT 02/04/2013   347.7 B726d BIBTCEMT23110455 10/11/2023 Ex. 1 10/11/2023 Livros

Powered by Koha